|
|
|
|
| LEADER |
00000nam a2200000 a 4500 |
| 001 |
vtls001304359 |
| 003 |
SK-MaSNL |
| 005 |
20260301004929.0 |
| 008 |
251031s1997 xo 0 cze |
| 015 |
|
|
|a SNBJ1997/04-01654
|
| 035 |
|
|
|a SNK000256554
|
| 040 |
|
|
|a SNK
|b slo
|c SNK
|e AACR2
|
| 041 |
0 |
|
|a cze
|
| 044 |
|
|
|a xo
|c SK
|
| 080 |
|
|
|a 791.43-312.4(73)(086.8)
|2 1981
|
| 240 |
1 |
0 |
|a Sandtrap
|l Česky
|
| 245 |
1 |
|
|a Pouštní bouře
|h videozáznam
|b když někoho zabiješ, ujisti se, že je opravdu mrtev
|c réžia Harris Done
|
| 260 |
|
|
|a Bratislava
|b Intersonic
|c 1997
|
| 300 |
|
|
|a 1 videokazeta (86 min)
|b stereo, fareb., VHS systém PAL
|c 10x19 cm
|
| 511 |
|
|
|a Hrajú: David John James, Brad Koepenick, Elizabeth Headová, Bob Thompson
|
| 521 |
|
|
|a Mládeži do 15 r. nevhodné
|
| 650 |
0 |
7 |
|a filmy kriminálne
|x videokazety
|2 SNK
|9 288470
|
| 655 |
|
7 |
|a videokazety
|2 SNK
|9 70726
|
| 700 |
1 |
|
|a Done, Harris
|4 aud
|9 43435
|
| 700 |
1 |
|
|a James, David John
|4 uci
|9 44549
|
| 700 |
1 |
|
|a Koepenick, Brad
|4 uci
|9 44864
|
| 700 |
1 |
|
|a Head, Elizabeth
|4 uci
|9 44177
|
| 730 |
|
|
|t Sandtrap
|9 288471
|
| 999 |
|
|
|c 543736
|d 545666
|
| 952 |
|
|
|t P60, <03>, [BOOK], {603}
|a SNK
|b SNK
|y PREZ
|7 0
|p 17A0088990
|o snkSVC 851
|i snkJK 423/97
|0 0
|1 0
|4 0
|d 1997-09-30
|l 0
|r 2005-01-02 00:00:00
|w 2026-02-23
|